<?xml version="1.0" encoding="UTF-8"?>
<record
    xmlns:xsi="http://www.w3.org/2001/XMLSchema-instance"
    xsi:schemaLocation="http://www.loc.gov/MARC21/slim http://www.loc.gov/standards/marcxml/schema/MARC21slim.xsd"
    xmlns="http://www.loc.gov/MARC21/slim">

  <leader>00522nam a22001937a 4500</leader>
  <datafield tag="999" ind1=" " ind2=" ">
    <subfield code="c">167754</subfield>
    <subfield code="d">167754</subfield>
  </datafield>
  <controlfield tag="005">20190918152117.0</controlfield>
  <datafield tag="010" ind1=" " ind2=" ">
    <subfield code="a">ENG-126489</subfield>
  </datafield>
  <datafield tag="020" ind1=" " ind2=" ">
    <subfield code="c">75.00</subfield>
    <subfield code="a">9789380005218</subfield>
  </datafield>
  <datafield tag="035" ind1=" " ind2=" ">
    <subfield code="a">EN-110021</subfield>
  </datafield>
  <datafield tag="037" ind1=" " ind2=" ">
    <subfield code="b">DBAD/PUB</subfield>
  </datafield>
  <datafield tag="082" ind1=" " ind2=" ">
    <subfield code="a">N</subfield>
  </datafield>
  <datafield tag="100" ind1=" " ind2=" ">
    <subfield code="a">Orwell ,George</subfield>
  </datafield>
  <datafield tag="245" ind1=" " ind2=" ">
    <subfield code="a">Animal farm /</subfield>
    <subfield code="c">By George Orwell</subfield>
  </datafield>
  <datafield tag="260" ind1=" " ind2=" ">
    <subfield code="a">Noida</subfield>
    <subfield code="b">Maple Press</subfield>
    <subfield code="c">2018</subfield>
  </datafield>
  <datafield tag="270" ind1=" " ind2=" ">
    <subfield code="b">Noida</subfield>
    <subfield code="a">A-63 ,Sector 58 </subfield>
    <subfield code="e">201301</subfield>
    <subfield code="m">info@maplepress.co.in</subfield>
    <subfield code="k">911204553581</subfield>
  </datafield>
  <datafield tag="300" ind1=" " ind2=" ">
    <subfield code="a">102p.</subfield>
    <subfield code="c">22cm(pbk)</subfield>
  </datafield>
  <datafield tag="650" ind1=" " ind2=" ">
    <subfield code="a">ENGLISH NOVEL</subfield>
  </datafield>
  <datafield tag="942" ind1=" " ind2=" ">
    <subfield code="2">ddc</subfield>
    <subfield code="c">EN</subfield>
    <subfield code="h">N</subfield>
    <subfield code="m">ORW</subfield>
  </datafield>
  <datafield tag="952" ind1=" " ind2=" ">
    <subfield code="0">0</subfield>
    <subfield code="1">0</subfield>
    <subfield code="4">0</subfield>
    <subfield code="7">0</subfield>
    <subfield code="8">FIC</subfield>
    <subfield code="a">L</subfield>
    <subfield code="b">L</subfield>
    <subfield code="d">2019-09-18</subfield>
    <subfield code="e">DBAD/PUB</subfield>
    <subfield code="g">75.00</subfield>
    <subfield code="l">11</subfield>
    <subfield code="m">7</subfield>
    <subfield code="o">N ORW</subfield>
    <subfield code="p">EN-110021</subfield>
    <subfield code="r">2024-09-05 00:00:00</subfield>
    <subfield code="s">2024-08-24</subfield>
    <subfield code="t">1</subfield>
    <subfield code="v">75.00</subfield>
    <subfield code="y">EN</subfield>
  </datafield>
</record>
